Early Anatolia : The archaeology of Asia minor before the Greeks /
Main Author:
Other Authors:
Format: Book
Language: English
Published:
[Baltimore] :
Penguin Books,
[1956].
Series:
Pelican books ;
A354.
Subjects:
Tags: Add Tag
Call Number: DS56 .L55 1956
| LEADER | 00921namaa2200277 4500 | ||
|---|---|---|---|
| 001 | 20784 | ||
| 003 | OSt | ||
| 005 | 20260311093909.0 | ||
| 008 | 130303s1956 mduae b 000 0 eng d | ||
| 010 | |a 57002527 | ||
| 040 | |c ARCE Library | ||
| 043 | |a a-tu--- | ||
| 050 | 4 | |a DS56 .L55 1956 | |
| 100 | 1 | |a Lloyd, Seton, |e author | |
| 245 | 1 | 0 | |a Early Anatolia : |b The archaeology of Asia minor before the Greeks / |c With a note on the anthropology of the ancient inhabitants of Anatolia by Muzaffer Șenyürek. |
| 264 | 1 | |a [Baltimore] : |b Penguin Books, |c [1956]. | |
| 300 | |a xx, 231 pages : |b illustrations, plans ; |c 18 cm. | ||
| 490 | 1 | |a Pelican books ; |v A354. | |
| 504 | |a Includes bibliographical references. | ||
| 651 | 0 | |a Turkey |x Antiquities. | |
| 651 | 0 | |a Turkey |x Civilization. | |
| 700 | 1 | |a Senyürek, Muzaffer. |9 39687 | |
| 830 | 0 | |a Pelican books ; |v A354. | |
| 901 | |a reviewed | ||
| 942 | |c BK |2 lcc | ||
| 999 | |c 17225 |d 17225 | ||
